| 000 | 00502nam a22001457a 4500 | ||
|---|---|---|---|
| 020 | _qHard Copy. | ||
| 040 | _cSINES-NUST. | ||
| 082 |
_a004 _bFAW |
||
| 100 |
_aAbeer Fawad. _9113090 |
||
| 245 |
_aNumerical Investigation of Sugarcane Bagasses as Potential Feedstock for Biohydrogen Production through Gasification in Pakistan / _cFawad, Abeer |
||
| 260 |
_aIslamabad: _bSINES-NUST, _c2023. |
||
| 300 |
_a90. : _bill. ; _c35cm. |
||
| 650 | _xMS-Computational Science and Engineering. | ||
| 942 |
_2ddc _cTHE |
||
| 999 |
_c594941 _d594941 |
||